| 000 | 00639cab a2200241 4500 | ||
|---|---|---|---|
| 001 | X98129 | ||
| 008 | 090401t1999 xxu||||| |||| 00| 0 eng d | ||
| 035 | _a(Sirsi) u92830 | ||
| 041 | _aeng | ||
| 245 | _aHowse v Newbury DC | ||
| 260 | _c1999 | ||
| 350 | _a0 | ||
| 490 |
_aProperty, Planning and Compensation Reports _v[1999] 77 P&CR 3, 231-238(8) |
||
| 650 | _aCOMMON LAND | ||
| 650 | _aCOMMON RIGHTS | ||
| 650 | _aCOMMONS REGISTRATION ACT 1965 | ||
| 650 | _aDEFENCE ACT 1854 | ||
| 650 | _aGREENHAM COMMON | ||
| 650 | _aLANDS CLAUSES CONSOLIDATION ACT 1845 | ||
| 690 | _aLAND-CASE LAW | ||
| 942 | _n0 | ||
| 948 | _c19/04/1999 | ||
| 999 |
_c58835 _d58835 |
||